Регионална библиотека "Любен Каравелов" - Русе

Пауново перо (Запис номер 70871)

MARC детайли
000 -Лидер
Контролно поле с фиксирана дължина 02054nam a2200481 c 4500
003 - Код на организацията, давaща контролен номер
Контролно поле BLK
005 - Дата и час на последна редакция
Контролно поле 20250109163123.0
008 - Елементи от данни с фиксирана дължина
fixed length control field 180408b bul|||||r ||||||| ||bul||
010 ## - Наследен системен номер
LC control number KNG00075234000
020 ## - Международен стандартен номер на книга ISBN
Международен стандартен номер на книга ISBN 954-488-100-Х
040 ## - Източник на каталожния запис
Идентификатор на билиотеката - собственик на записа BLK
041 ## - Код за език
Код за езика на текст/звукозапис или на отделно заглавие Български
Код за езика КДБФ Български
072 #7 - Код за тематичната категория
Код организация bullib
Код за тематична категория К
Текст Краезнание
072 #7 - Код за тематичната категория
Код организация bullib
Код за тематична категория Я
Текст Автографи
080 ## - УДК
Текстов определител УДК Оперни театри. Театри за опера и балет. Вж и 792.8
УДК код - определител по УДК 792.54
УДК определител (497.215)(091)(093.3)
УДК - код + определител 792.54(497.215)(091)(093.3)
100 ## - Редна дума - Автор
Автор Чендов, Георги
Дати, свързани с автора 1920-1987
Автор - информация (биография) Филолог, изкуствовед, режисьор. Русе
R(LIN) 381739
139 ## - Редно поле
Редна дума Чендов, Георги
Авторски знак Ченд - Ч 61
245 10 - Сведения за заглавието
Заглавие Пауново перо
Подзаглавни данни Повест за младостта на една осъществена мечта, наречена Оперен театър
Редно поле (дума) Георги Чендов; ред. Елисавета Борисова Вълчинова-Чендова.
257 ## - Страна на издаване
Страна на създаване/издаване България
260 ## - Област на издателските данни
Име на издателя, разпространителя и проч. Вулкан 4
Година на издаване 2006
Място на издаване, разпространение и проч. София
300 ## - Физическа характеристика
Страници 376 с.
Илюстрации и др. с портр., сн.
Размери/Мащаб 22 см
380 ## - Жанр
Жанр Изкуство
500 ## - Общи забележки
Забележка Съдържа и Из репертуара за книгата Пауново перо / Константин Илиев, Серафим Северняк, Яни Милев ; За книгата Пауново перо / Боянка Арнаудова
650 #4 - Допълнително описание по предмет – тема
Основно описание – тема или топоним Оперни театри - Русе
9 (RLIN) 295149
650 #4 - Допълнително описание по предмет – тема
Основно описание – тема или топоним Русе - култура
9 (RLIN) 251541
651 #4 - Допълнително описание по предмет - топоним
Географско понятие Русе
9 (RLIN) 179462
653 ## - Ключова дума – ненормативна
Ключова дума Опера
653 ## - Ключова дума – ненормативна
Ключова дума Русе
653 ## - Ключова дума – ненормативна
Ключова дума история
659 ## - Тематичен бюлетин
Тематичен бюлетин К
659 ## - Тематичен бюлетин
Тематичен бюлетин Я
700 1# - Други автори (авторска отговорност)
Лично име Вълчинова-Чендова, Елисавета Борисова
Автороска отговорност (Описва отношението между автора и произведението) ред.
9 (RLIN) 50105
852 ## - Местоположение
Форматна сигнатура Цб 234034
852 ## - Местоположение
Форматна сигнатура К 792/Ч 61 Г
856 4# - Електронен адрес и достъп
Електронен формат pdf - файл
856 4# - Електронен адрес и достъп
Електронен формат pdf - файл
999 ## - СИСТЕМНИ КОНТРОЛНИ НОМЕРА
Koha biblionumber 70871
Koha biblioitemnumber 70871
942 ## - АРТИКУЛИ
Вид на библиотечния материал Книги
Скрит в OPAC Не
Koha issues (borrowed), all copies 6
Периодичен библиозапис Да
944 ## - СЪЗДАВАНЕ И РЕДАКЦИЯ на ЗАПИСА
Създаване/Редакция Създаване
Дата на регистрацията/редакция 21.05.2007
Служител, извършил регистрацията/редакцията 30535
Статус, дата на статуса Христина Везирева
944 ## - СЪЗДАВАНЕ И РЕДАКЦИЯ на ЗАПИСА
Създаване/Редакция Редакция
Дата на регистрацията/редакция 03.01.2008
999 ## - СИСТЕМНИ КОНТРОЛНИ НОМЕРА
Koha biblioitemnumber 70871
999 ## - СИСТЕМНИ КОНТРОЛНИ НОМЕРА
Koha biblioitemnumber 70871
999 ## - СИСТЕМНИ КОНТРОЛНИ НОМЕРА
Koha biblioitemnumber 70871
Наличности
Код за отписване Код за изгубен артикул Източник на класификационната схема Код за повреда Коз за рестрикции Код за отдаване Артикулен № Име на библиотеката - собственик Име на библиотеката, в която се намира в момента Статус (Текущо местоположение) Дата на вписване в системата Местоположение - отдел Цена в лева Инвентарен номер Систематично азбучна сигнатура Баркод Номер на екземпляра Цена в евро Служебна бележка Служебен тип на артикула Номерация (Хронология)
  Не е изгубен Universal Decimal Classification Не е повреден без рестрикции заемане за дома 115699 Регионална библиотека "Любен Каравелов" Русе Регионална библиотека "Любен Каравелов" Русе Подвързия, Комплектуване 2007-05-21 Отдел Изкуство - подръчен фонд 6.00 120000713785 792/Ч 61 120000713785 1 3.07 Дост: Pk Вид: Ф N: 4373 Дата: 08.05.2007 Дата инв: 05.04.2017 Бележки инв: ИП2017 Книги  
  Не е изгубен Universal Decimal Classification Не е повреден само за читалня ползва се в читалня 115700 Регионална библиотека "Любен Каравелов" Русе Регионална библиотека "Любен Каравелов" Русе Хранилище 2007-10-31 Основен фонд - ползва се само за читалня 6.00 120000719080 Цб 234034 120000719080 2 3.07 Дост: DA Вид: А N: 11 Дата: 31.10.2007 Дата инв: 18.06.2012 Бележки инв: * Книги Автограф: Елисавета Вълчинова-Чендова
  Не е изгубен Universal Decimal Classification Не е повреден само за читалня ползва се в читалня 115701 Регионална библиотека "Любен Каравелов" Русе Регионална библиотека "Любен Каравелов" Русе Краезнание 2007-10-31 Краезнание 6.00 120000719081 К 792/Ч 61 Г 120000719081 3 3.07 Дост: DA Вид: А N: 11 Дата: 31.10.2007 Дата инв: 06.11.2017 Бележки инв: К2017 Книги Автограф: Елисавета Вълчинова-Чендова
  Не е изгубен Universal Decimal Classification Не е повреден само за читалня ползва се в читалня 115702 Регионална библиотека "Любен Каравелов" Русе Регионална библиотека "Любен Каравелов" Русе Хранилище 2007-11-02 Хранилище 6.00 120000719151 Цб 234034 120000719151 4 3.07 Дост: Dp Вид: Д N: 26 Дата: 06.06.2007 Книги  
Vip Innovations Ltd, Rousse, Bulgaria 2025